000 00412nam a2200157Ia 4500
003 OSt
005 20230526103628.0
008 211028s2017 xx 000 0 und d
040 _cAIMIT LIBRARY
041 _aeng
100 _aPai, B Shalini; Prabhu, Aravind.
_98678
_e151904
110 _aAravind Prabhu
_98679
245 _aSlay-A-Watt energy usage monitor.
260 _aMangalore
_c2017
942 _2ddc
_cPRO
999 _c220008
_d220008